Changing Planet, Changing Health (Record no. 19117)
[ view plain ]
| 000 -LEADER | |
|---|---|
| fixed length control field | 00575nam a22001697a 4500 |
| 008 - FIXED-LENGTH DATA ELEMENTS--GENERAL INFORMATION | |
| fixed length control field | 211109b |||||||| |||| 00| 0 eng d |
| 020 ## - INTERNATIONAL STANDARD BOOK NUMBER | |
| International Standard Book Number | 0520272637 |
| 050 ## - LIBRARY OF CONGRESS CALL NUMBER | |
| Classification number | RA793 |
| Item number | .E67 2011 c.1 |
| 100 ## - MAIN ENTRY--PERSONAL NAME | |
| Personal name | Epstein, Paul R. |
| 245 ## - TITLE STATEMENT | |
| Title | Changing Planet, Changing Health |
| Remainder of title | How the Climate Crisis Threatens our Health and What We Can Do about it. |
| Statement of responsibility, etc. | Paul R. Epstein |
| 260 ## - PUBLICATION, DISTRIBUTION, ETC. (IMPRINT) | |
| Place of publication, distribution, etc. | Berkeley |
| Name of publisher, distributor, etc. | University of California Press |
| Date of publication, distribution, etc. | 2011 |
| 300 ## - PHYSICAL DESCRIPTION | |
| Extent | xii, 355p. |
| 650 ## - SUBJECT ADDED ENTRY--TOPICAL TERM | |
| Topical term or geographic name as entry element | Medical Climatology |
| 650 ## - SUBJECT ADDED ENTRY--TOPICAL TERM | |
| Topical term or geographic name as entry element | Climatic changes |
| Form subdivision | health aspects |
| 700 ## - ADDED ENTRY--PERSONAL NAME | |
| Personal name | Ferber, Dan |
| 942 ## - ADDED ENTRY ELEMENTS (KOHA) | |
| Source of classification or shelving scheme | Library of Congress Classification |
| Koha item type | General Collection |
| Withdrawn status | Lost status | Source of classification or shelving scheme | Not for loan | Home library | Current library | Date acquired | Cost, normal purchase price | Total Checkouts | Full call number | Barcode | Date last seen | Price effective from | Koha item type |
|---|---|---|---|---|---|---|---|---|---|---|---|---|---|
| Library of Congress Classification | Kabarak, Main Campus | Kabarak, Main Campus | 09/11/2021 | 5218.00 | RA793 .E67 2011 c.1 | 031180 | 09/11/2021 | 09/11/2021 | General Collection | ||||
| Library of Congress Classification | Kabarak, Main Campus | Kabarak, Main Campus | 11/11/2021 | 5218.00 | RA793 .E67 2011 c.2 | 031281 | 11/11/2021 | 11/11/2021 | General Collection |